Charakteristika a analýza osobitostí slovenského bankového sektora bakalárska práca

Uložené v:
Podrobná bibliografia
Hlavný autor: Orságová, Zuzana
Korporativný autor: Národohospodárska fakulta EU. Katedra bankovníctva a medzinárodných financií
Ďalší autori: Chorvatovič, Martin
Médium: Kniha
Jazyk:Slovak
Vydavateľské údaje: Bratislava 2011
Tagy: Pridať tag
Žiadne tagy, Buďte prvý, kto otaguje tento záznam!

MARC

LEADER 00000nbm a2200000 4500
001 0139773
005 20161109111645.4
041 0 |a slo 
044 |a SK 
245 1 0 |a Charakteristika a analýza osobitostí slovenského bankového sektora  |b bakalárska práca  |c Zuzana Orságová ; školiteľ: Martin Chorvatovič 
264 1 |a Bratislava  |c 2011 
300 |a 33 s. 
100 1 |a Orságová, Zuzana 
700 1 |a Chorvatovič, Martin 
710 2 |a Národohospodárska fakulta EU. Katedra bankovníctva a medzinárodných financií